00460 2200169 4500001002100000005001500021035002000036245007400056100002100130250001700151300003400168260003400202082000800236084001400244020002200258650001000280INLIS00000000000094720250319114243 a0010-03250000431 aSeri Jelajah Dunia Hewan :bAves dan Invertebrata /cRosana Hariyanti0 aRosana Hariyanti acetakan ke-1 aviii, 88 hlm :bilus ;c27 cm aSolo :bTiga Serangkai,c2019 a598 a598 ROS s a978-602-320-870-8 4aSains